Seminario sobre Matrimonio y Familia.

Salvato in:
Dettagli Bibliografici
Ente Autore: Pontificia Universidad Católica de Chile. Facultad de Derecho (autor)
Natura: Libro
Lingua:inglese
Pubblicazione: Santiago, Chile: Pontificia Universidad Católica de Chile, Facultad de Derecho, 1996.
Soggetti:
Tags: Aggiungi Tag
Nessun Tag, puoi essere il primo ad aggiungerne!!

MARC

LEADER 00000nam a22000007a 4500
003 CL-VaPUC
005 20220822114847.0
008 220809t1994 ||||| |||| 00| 0 eng d
999 |c 438190  |d 438188 
020 |a 956-14-0424-9 
040 |c Pontificia Universidad Católica de Valparaíso 
082 |2 22  |a 346.015 PON 1994 
110 |9 875222  |a Pontificia Universidad Católica de Chile.  |e autor  |b  Facultad de Derecho. 
245 |a Seminario sobre Matrimonio y Familia.  
260 |a Santiago, Chile:   |b Pontificia Universidad Católica de Chile, Facultad de Derecho,   |c 1996. 
300 |a 123 páginas.  
500 |a c.1 Donación Familia Prof. Alejandro Guzmán Brito. 
518 |a Seminario sobre Matrimonio y Familia. Facultad de Derecho Casa Central, Salón de Honor 26 de octubre de 1994. 
583 |c 20220809  |k Yessy Sthefany Diaz Vidal 
650 0 |9 255603  |a Derecho de familia  |v Seminarios   |z Chile 
650 0 |a Derecho  |x Matrimonio   |z Chile  |9 875223 
942 |2 ddc  |c BK  |n 0 
952 |0 0  |1 0  |2 ddc  |4 0  |6 346_015000000000000_PON_1996  |7 1  |8 C_AGB  |9 586070  |a BIBDER  |b BIBDER  |d 2022-08-09  |e Donación   |i 5653939  |o 346.015 PON 1996  |p 5653939  |r 2023-01-25  |t 1  |w 2022-08-09  |y BK_US  |k AGB